Stacje kolejowe z największą wymianą pasażerską - województwa - Statystyki

Ogólne statystyki
  • Ten quiz został rozwiązany 137 razy
  • Średni wynik to 30 z 48
Statystyki odpowiedzi
Województwo Miasto Wynik dzienny Stacja % Poprawnych
dolnośląskie 1 72300 Wrocław Główny
96%
śląskie 1 44800 Katowice
87%
wielkopolskie 1 60400 Poznań Główny
87%
mazowieckie 2 36400 Warszawa Centralna
85%
małopolskie 1 55100 Kraków Główny
84%
zachodniopomorskie 1 16200 Szczecin Główny
84%
mazowieckie 3 29400 Warszawa Zachodnia
83%
podlaskie 1 6500 Białystok
82%
pomorskie 2 31200 Gdańsk Główny
82%
opolskie 1 11700 Opole Główne
82%
pomorskie 1 36700 Gdynia Główna
81%
warmińsko-mazurskie 1 8800 Olsztyn Główny
81%
łódzkie 2 10300 Łódź Fabryczna
80%
kujawsko-pomorskie 2 6100 Toruń Główny
80%
mazowieckie 1 36900 Warszawa Wschodnia
80%
świętokrzyskie 1 6800 Kielce
79%
lubelskie 1 8700 Lublin Główny
79%
podkarpackie 1 11400 Rzeszów Główny
79%
kujawsko-pomorskie 1 14000 Bydgoszcz Główna
78%
lubuskie 1 5700 Zielona Góra Główna
76%
śląskie 3 9100 Gliwice
74%
lubuskie 3 2800 Gorzów Wielkopolski
74%
dolnośląskie 2 6500 Legnica
74%
podkarpackie 2 6600 Przemyśl Główny
73%
łódzkie 3 9800 Łódź Widzew
70%
zachodniopomorskie 3 4200 Koszalin
69%
śląskie 2 9300 Częstochowa
68%
warmińsko-mazurskie 3 3000 Elbląg
68%
pomorskie 3 29500 Gdańsk Wrzeszcz
67%
podlaskie 3 500-699 Suwałki
66%
małopolskie 2 6900 Tarnów
66%
opolskie 3 2400 Kędzierzyn-Koźle
54%
zachodniopomorskie 2 4800 Stargard
54%
łódzkie 1 12900 Skierniewice
53%
świętokrzyskie 2 3500 Skarżysko-Kamienna
52%
opolskie 2 3800 Brzeg
50%
kujawsko-pomorskie 3 2700 Inowrocław
50%
wielkopolskie 3 5300 Leszno
48%
wielkopolskie 2 5700 Gniezno
43%
warmińsko-mazurskie 2 4100 Iława Główna
38%
dolnośląskie 3 4200 Wrocław Mikołajów
31%
podlaskie 2 700-999 Łapy
30%
lubelskie 2 3600 Dęblin
25%
lubuskie 2 2900 Zbąszynek
25%
podkarpackie 3 2400 Jarosław
24%
lubelskie 3 3300 Łuków
20%
świętokrzyskie 3 1700 Sędziszów
18%
małopolskie 3 3900 Krzeszowice
12%
Nie znaleziono quizów pasujących do podanych kryteriów
Rozkład punktacji
Procent ludzi z każdym wynikiem
Percentyl według liczby udzielonych odpowiedzi
Twoja historia wyników
Nie rozwiązałeś tego quizu